Tuyển tập thủ thuật JavaScript : Tin học và đời sống. t.II /

Đã lưu trong:
Bibliografiske detaljer
Hovedforfatter: Nguyễn Trường Sinh.
Format: Sách giấy
Sprog:Vietnamese
Udgivet: H. : Phương đông, 2007.
Fag:
Tags: Tilføj Tag
Ingen Tags, Vær først til at tagge denne postø!
Thư viện lưu trữ: Thư viện Trường Đại học Đà Lạt
LEADER 00824nam a2200301 4500
001 DLU080061984
005 ##20080116
040 # # |a DLU  |b vie 
041 # # |a vie 
044 # # |a vn 
082 # # |a 005.72  |b NG-S 
100 # # |a Nguyễn Trường Sinh. 
245 # # |a Tuyển tập thủ thuật JavaScript :  |b Tin học và đời sống.  |n t.II /  |c Nguyễn Trường Sinh. 
260 # # |a H. :  |b Phương đông,  |c 2007. 
300 # # |a 255 tr. :  |b minh hoạ ;  |c 24 cm. 
653 # # |a JavaScript (Ngôn ngữ chương trình máy tính) 
653 # # |a Lập trình hướng đối tượng 
923 # # |a 27/2007 
990 # # |a t.II 
992 # # |a 52000 
994 # # |a DLU 
900 # # |a True 
911 # # |a Nguyễn Thanh Hương 
925 # # |a G 
926 # # |a A 
927 # # |a SH 
980 # # |a Thư viện Trường Đại học Đà Lạt